[Event "Politiken Cup"]
[Site "Copenhagen"]
[Date "2006.07.23"]
[Round "2.73"]
[White "Marcussen, Johni A"]
[Black "Werner, Gert"]
[Result "0-1"]
[WhiteElo "1563"]
[BlackElo "2069"]
[PlyCount "126"]
[EventDate "2006.??.??"]

1. e4 g6 2. d4 Bg7 3. Nf3 c6 4. Nc3 d5 5. exd5 cxd5 6. Bf4 Nc6 7. h3 a6 8. Be2
Nf6 9. O-O O-O 10. Ne5 Ne4 11. Nxe4 dxe4 12. Nxc6 bxc6 13. c3 Be6 14. Qa4 Qb6
15. b4 a5 16. b5 c5 17. Be3 cxd4 18. cxd4 Bd5 19. Rac1 f5 20. Bc4 Qe6 21. Bxd5
Qxd5 22. Rc5 Qd6 23. Rfc1 f4 24. Rc6 Qb4 25. Qxb4 axb4 26. Bd2 Rxa2 27. Bxb4
Bxd4 28. Bxe7 Bxf2+ 29. Kf1 Re8 30. R1c2 Rxc2 31. Rxc2 Rxe7 32. Kxf2 Kf7 33. b6
Ke6 34. Rc4 Kd5 35. Rc7 Re6 36. b7 Rb6 37. Rxh7 Rb2+ 38. Kf1 Kd4 39. Rc7 Ke3
40. Rc3+ Kd2 41. Rc4 Rb1+ 42. Kf2 e3+ 43. Kf3 g5 44. Rd4+ Ke1 45. g3 Rxb7 46.
gxf4 gxf4 47. Re4 Kf1 48. Rxf4 Re7 49. Kg4+ Kg2 50. Ra4 Rg7+ 51. Kh4 e2 52. Ra2
Kf1 53. Ra1+ e1=Q+ 54. Rxe1+ Kxe1 55. Kh5 Kf2 56. Kh6 Rg8 57. h4 Kg3 58. Kh7
Rg4 59. h5 Kh4 60. h6 Kh5 61. Kh8 Kg6 62. Kg8 Kxh6+ 63. Kh8 Ra4 0-1

[Event "Politiken Cup"]
[Site "Copenhagen"]
[Date "2006.07.23"]
[Round "2.74"]
[White "Skjoldager, Flemming"]
[Black "Christensen, Svend Ib"]
[Result "1/2-1/2"]
[WhiteElo "2067"]
[BlackElo "1636"]
[PlyCount "152"]
[EventDate "2006.??.??"]

1. e4 d6 2. d4 Nf6 3. Nc3 a6 4. f4 e6 5. Nf3 b6 6. Bd3 Bb7 7. O-O c5 8. e5 Nd5
9. Nxd5 Bxd5 10. c4 Bb7 11. f5 exf5 12. Bxf5 Be7 13. e6 fxe6 14. Bxe6 Bc8 15.
Qe2 Bxe6 16. Qxe6 Qd7 17. Qe4 Ra7 18. Bg5 Kd8 19. Rae1 h6 20. Bxe7+ Qxe7 21.
Qg6 Qf6 22. Qxf6+ gxf6 23. Re6 Re7 24. Rxd6+ Nd7 25. dxc5 Kc7 26. Rfd1 Rf8 27.
cxb6+ Nxb6 28. b3 Rd7 29. c5 Rxd6 30. Rxd6 Nd7 31. Nd4 Rf7 32. Rxa6 Kb7 33. Ra5
Ne5 34. b4 Rd7 35. c6+ Nxc6 36. Nxc6 Kxc6 37. Ra6+ Kb5 38. Rxf6 Rd1+ 39. Rf1
Rd2 40. a3 Ka4 41. Rf3 h5 42. h4 Rd4 43. Kh2 Rxh4+ 44. Rh3 Rd4 45. Rxh5 Kxa3
46. b5 Rd6 47. Kh3 Kb4 48. g4 Rb6 49. Kh4 Kc4 50. Rf5 Kd4 51. g5 Ke4 52. Kg4
Kd4 53. Kf4 Re6 54. Rf6 Re4+ 55. Kf5 Re5+ 56. Kg6 Rxb5 57. Kh6 Rb1 58. g6 Rh1+
59. Kg7 Ke5 60. Rf7 Ke6 61. Rf2 Ke7 62. Kg8 Rg1 63. g7 Rh1 64. Re2+ Kd7 65. Re5
Kd6 66. Rf5 Ke7 67. Rf7+ Ke8 68. Ra7 Rh2 69. Ra5 Ke7 70. Re5+ Kd6 71. Re3 Kd7
72. Kf7 Rf2+ 73. Kg6 Rg2+ 74. Kh7 Rh2+ 75. Kg8 Rh1 76. Re5 Kd6 1/2-1/2

[Event "Politiken Cup"]
[Site "Copenhagen"]
[Date "2006.07.23"]
[Round "2.75"]
[White "Hector, Jonny"]
[Black "Jacobsen, Maria Pitz"]
[Result "1-0"]
[WhiteElo "2508"]
[BlackElo "1848"]
[PlyCount "49"]
[EventDate "2006.??.??"]

1. Nc3 e5 2. e4 Nf6 3. f4 d6 4. Nf3 Nc6 5. Bb5 Bg4 6. h3 Bxf3 7. Qxf3 Qd7 8.
Nd5 a6 9. fxe5 Nxd5 10. Bxc6 Qxc6 11. exd5 Qxc2 12. O-O Qg6 13. e6 fxe6 14.
dxe6 O-O-O 15. d4 Qxe6 16. Bg5 Re8 17. Rae1 Qd7 18. Rxe8+ Qxe8 19. d5 h6 20.
Qg4+ Kb8 21. Bd2 g5 22. Bc3 Rg8 23. Re1 Qg6 24. Qd7 Qd3 25. Qf7 1-0

[Event "Politiken Cup"]
[Site "Copenhagen"]
[Date "2006.07.23"]
[Round "2.76"]
[White "Bue, Gunnar"]
[Black "Carstensen, Jacob"]
[Result "0-1"]
[WhiteElo "1843"]
[BlackElo "2326"]
[PlyCount "84"]
[EventDate "2006.??.??"]

1. d4 d5 2. c4 dxc4 3. Nf3 Nf6 4. e3 Bg4 5. Bxc4 e6 6. h3 Bh5 7. O-O a6 8. a3
Nc6 9. Be2 Bd6 10. Nc3 O-O 11. b4 Re8 12. Bb2 Qe7 13. Nd2 Bg6 14. Nc4 Rad8 15.
b5 axb5 16. Nxd6 Rxd6 17. Nxb5 Rd7 18. Qb3 Ne4 19. Rad1 Ra8 20. Bf3 Na5 21. Qa2
Ng5 22. Be2 Bc2 23. Rc1 Be4 24. Nc3 Bc6 25. f3 Qd6 26. f4 Ne4 27. Nxe4 Bxe4 28.
Bf3 Bd5 29. Bxd5 exd5 30. Rc3 Re8 31. Bc1 Nc4 32. Rf3 b5 33. Rb3 c6 34. Qc2 Ra7
35. Rc3 Qe7 36. Kh2 h6 37. g4 Rea8 38. Kg3 Qe8 39. h4 Nxa3 40. Bxa3 Rxa3 41.
Rxc6 Rxe3 42. Rc3 Re2 0-1

[Event "Politiken Cup"]
[Site "Copenhagen"]
[Date "2006.07.23"]
[Round "2.77"]
[White "Sylvan, Jacob"]
[Black "Christensen, Verner"]
[Result "1-0"]
[WhiteElo "2279"]
[BlackElo "1846"]
[PlyCount "76"]
[EventDate "2006.??.??"]

1. d4 f5 2. Nc3 Nf6 3. Bg5 d5 4. f3 e6 5. e3 Be7 6. Nh3 O-O 7. Bd3 b6 8. Qd2 c5
9. O-O-O c4 10. Be2 Bd7 11. e4 b5 12. e5 Ne8 13. Bxe7 Qxe7 14. Nf4 Bc6 15. h4
b4 16. Nb1 a5 17. c3 Na6 18. Rdg1 b3 19. a3 Nb4 20. g4 Nc2 21. Bf1 Ra7 22. Bh3
Kh8 23. gxf5 exf5 24. h5 Qf7 25. Ng6+ Kg8 26. Nxf8 Kxf8 27. Rg5 Bd7 28. Qf4 h6
29. Rg6 Be6 30. Rhg1 Re7 31. Nd2 Bd7 32. Nf1 Ne1 33. Qg3 Nd3+ 34. Kb1 f4 35.
Qh4 Bxh3 36. Qxh3 Nf2 37. Qc8 Rd7 38. Ka1 Nd3 1-0

[Event "Politiken Cup"]
[Site "Copenhagen"]
[Date "2006.07.23"]
[Round "2.79"]
[White "De Boer, Albert"]
[Black "Omarsson, Dadi"]
[Result "0-1"]
[WhiteElo "2180"]
[BlackElo "1830"]
[PlyCount "54"]
[EventDate "2006.??.??"]

1. e4 c5 2. c3 Nf6 3. e5 Nd5 4. d4 cxd4 5. cxd4 d6 6. Bc4 Nb6 7. Bb5+ Bd7 8. e6
fxe6 9. Bd3 g6 10. h4 Qc7 11. Nc3 Nd5 12. Nxd5 exd5 13. h5 Rg8 14. hxg6 hxg6
15. Qf3 Nc6 16. Rh7 Be6 17. Ne2 Qd7 18. Be3 O-O-O 19. Nf4 Bg7 20. Rc1 Kb8 21.
Bb5 Rc8 22. Qe2 Bf6 23. Bxc6 Rxc6 24. Rxc6 bxc6 25. Qa6 Qc8 26. Qa4 Bf5 27. Kd2
g5 0-1

[Event "Politiken Cup"]
[Site "Copenhagen"]
[Date "2006.07.23"]
[Round "2.80"]
[White "Friesen, Boris"]
[Black "Forsmann, Henning"]
[Result "1-0"]
[WhiteElo "2146"]
[BlackElo "1828"]
[PlyCount "97"]
[EventDate "2006.??.??"]

1. e4 c6 2. d4 d5 3. exd5 cxd5 4. c4 e6 5. Nc3 Nf6 6. Bd3 Bb4 7. cxd5 exd5 8.
Nge2 O-O 9. O-O Nc6 10. Bg5 Be7 11. Rc1 Bg4 12. Qb3 Rb8 13. Rfe1 h6 14. Be3 Qd7
15. Ng3 a6 16. Bb1 Na5 17. Qc2 Nc4 18. Nxd5 Qxd5 19. Qxc4 Rbc8 20. Qd3 Bb4 21.
Bd2 Bxd2 22. Qxd2 Rcd8 23. h3 Bd7 24. Re5 Qd6 25. Rd1 Bc6 26. Nf5 Qxe5 27. dxe5
Rxd2 28. Ne7+ Kh8 29. Rxd2 Be4 30. Bxe4 Nxe4 31. Re2 Nc5 32. Nf5 Rd8 33. Nd6
Rd7 34. a3 Nd3 35. Nc4 Re7 36. g3 g5 37. Re3 Nc5 38. Nd6 Kg8 39. Kg2 b5 40. f4
Rd7 41. Kf3 Kh7 42. b4 Na4 43. f5 Nb6 44. e6 fxe6 45. fxe6 Re7 46. Nf5 Re8 47.
e7 Nc8 48. Re6 h5 49. Rxa6 1-0

[Event "Politiken Cup"]
[Site "Copenhagen"]
[Date "2006.07.23"]
[Round "2.81"]
[White "Jorgensen, Orla Eilegaard"]
[Black "Eddy, Samuel"]
[Result "0-1"]
[WhiteElo "1771"]
[BlackElo "2069"]
[PlyCount "104"]
[EventDate "2006.??.??"]

1. f4 d5 2. Nf3 Nc6 3. e3 Bg4 4. Bb5 Qd7 5. b3 O-O-O 6. Bb2 f6 7. d4 Nh6 8. O-O
Nf5 9. Qe2 Nd6 10. Nbd2 a6 11. Bd3 Nb4 12. c4 Nxd3 13. Qxd3 Bf5 14. Qe2 Ne4 15.
Rac1 e6 16. c5 c6 17. b4 Bg4 18. a4 Nxd2 19. Qxd2 Bxf3 20. Rxf3 Be7 21. Rb1 g5
22. fxg5 fxg5 23. Bc3 Rdf8 24. Rxf8+ Rxf8 25. Qd3 Bd8 26. b5 axb5 27. axb5 cxb5
28. Rxb5 Bc7 29. Ba5 Qf7 30. Qe2 Bb8 31. Rb1 g4 32. g3 Qf3 33. Re1 Qxe2 34.
Rxe2 Kd7 35. Rb2 Kc8 36. Rf2 Rf5 37. Kg2 Bc7 38. Bxc7 Kxc7 39. Rxf5 exf5 40.
Kf2 Kc6 41. Ke2 Kb5 42. Kd3 Kb4 43. Kc2 Kc4 44. Kd2 Kb3 45. Kd3 Kb2 46. Kd2 h6
47. Kd3 Kc1 48. Kc3 Kd1 49. Kb4 Ke2 50. Kb5 Kxe3 51. c6 bxc6+ 52. Kxc6 Kxd4 0-1

[Event "Politiken Cup"]
[Site "Copenhagen"]
[Date "2006.07.23"]
[Round "2.82"]
[White "Sending, Stale"]
[Black "Lavresen, Frands Winther"]
[Result "0-1"]
[WhiteElo "2035"]
[BlackElo "1764"]
[PlyCount "51"]
[EventDate "2006.??.??"]

1. e4 Nc6 2. Nc3 e6 3. d4 Bb4 4. a3 Bxc3+ 5. bxc3 d5 6. exd5 Qxd5 7. Nf3 Nf6 8.
c4 Qd6 9. Be3 O-O 10. Bd3 e5 11. dxe5 Nxe5 12. Nxe5 Qxe5 13. O-O Ng4 14. g3
Nxe3 15. fxe3 Qxe3+ 16. Rf2 Be6 17. Qf1 Rad8 18. Re1 Qc5 19. Qg2 b6 20. Re4 Rd4
21. Rxe6 fxe6 22. Bxh7+ Kxh7 23. Qh3+ Kg6 24. Qxe6+ Rf6 25. Qe8+ Kh7 26. Rxf6
0-1

[Event "Politiken Cup"]
[Site "Copenhagen"]
[Date "2006.07.23"]
[Round "2.83"]
[White "Dawson, Jeffery R"]
[Black "Karstensen, Christian"]
[Result "0-1"]
[WhiteElo "2009"]
[BlackElo "1741"]
[PlyCount "180"]
[EventDate "2006.??.??"]

1. d4 e6 2. e4 d5 3. e5 c5 4. c3 cxd4 5. cxd4 Nc6 6. Nf3 Qb6 7. Be2 Nge7 8. Na3
Nf5 9. Nc2 Bd7 10. O-O Be7 11. b3 O-O 12. Bb2 Rfc8 13. Bd3 a5 14. g4 Nh4 15.
Nxh4 Bxh4 16. f4 Be7 17. Kh1 a4 18. Ne3 Nb4 19. Bb1 a3 20. Bc1 Rc7 21. g5 Nc6
22. Nc2 Rac8 23. Be3 Na7 24. Bd2 Nb5 25. Be1 Nc3 26. Bxc3 Rxc3 27. Rf3 Qc7 28.
Ne1 g6 29. Bd3 Rc1 30. Rxc1 Qxc1 31. Qe2 Qa1 32. Rf1 Rc1 33. h4 Qxd4 34. Kg2
Qc3 35. h5 Bb4 36. Nc2 Rxf1 37. Kxf1 Bc5 38. hxg6 hxg6 39. Ne1 Qd4 40. Qh2 Bb4
41. Qf2 Qa1 42. Qh4 Bxe1 43. Qxe1 Qxa2 44. Qa5 Qa1+ 45. Ke2 Qb2+ 46. Kf3 Bc6
47. Qd8+ Kh7 48. Bxg6+ fxg6 49. Qe7+ Kg8 50. Qxe6+ Kf8 51. Qd6+ Ke8 52. Qxg6+
Kd8 53. Qd6+ Kc8 54. Qf8+ Kc7 55. Qd6+ Kb6 56. b4 Qc3+ 57. Kg4 Kb5 58. Qd8 Kxb4
59. g6 a2 60. g7 a1=Q 61. g8=Q Qg1+ 62. Kf5 Qh3+ 63. Kf6 Qh6+ 64. Kf7 Qxf4+ 65.
Ke6 Qh6+ 66. Kf7 Qf2+ 67. Qf6 Qfxf6+ 68. exf6 d4 69. Ke7 Qh4 70. Qe6 Qg5 71.
Qe1+ Kc5 72. Qa5+ Bb5 73. Qa3+ Kc4 74. Qa2+ Kd3 75. Qb3+ Ke2 76. Qb2+ Kf3 77.
Qxd4 Bc6 78. Kd6 Qg8 79. Qd3+ Kf4 80. Qf1+ Ke4 81. f7 Qf8+ 82. Kc7 Bd5 83. Kb6
Qd8+ 84. Kb5 Qd7+ 85. Kb6 Bxf7 86. Qh1+ Kd4 87. Qxb7 Qd6+ 88. Ka7 Qa3+ 89. Kb8
Qd6+ 90. Kc8 Be6+ 0-1

[Event "Politiken Cup"]
[Site "Copenhagen"]
[Date "2006.07.23"]
[Round "2.84"]
[White "Bjornes, Leif"]
[Black "Hansen, Morten Lyck"]
[Result "1/2-1/2"]
[WhiteElo "1710"]
[BlackElo "2009"]
[PlyCount "53"]
[EventDate "2006.??.??"]

1. d4 Nf6 2. c4 g6 3. Nc3 d5 4. Bf4 Bg7 5. e3 O-O 6. cxd5 Nxd5 7. Nxd5 Qxd5 8.
Bxc7 Nc6 9. Ne2 Bg4 10. f3 Bxf3 11. gxf3 Qxf3 12. Rg1 Qxe3 13. Bf4 Qe4 14. Bg2
Qf5 15. Bxc6 bxc6 16. Qd2 Rad8 17. O-O-O Qe6 18. Kb1 c5 19. d5 Qb6 20. Nc3 Qb4
21. Bh6 Rd6 22. Bxg7 Kxg7 23. Rge1 e6 24. Re4 Rxd5 25. Qxd5 exd5 26. Rxb4 cxb4
27. Nxd5 1/2-1/2

[Event "Politiken Cup"]
[Site "Copenhagen"]
[Date "2006.07.23"]
[Round "2.85"]
[White "Nguyen, Michael"]
[Black "Sørensen, Jens"]
[Result "1/2-1/2"]
[WhiteElo "2009"]
[BlackElo "1681"]
[PlyCount "53"]
[EventDate "2006.??.??"]

1. c4 Nf6 2. g3 c5 3. Bg2 Nc6 4. Nc3 g6 5. a3 Bg7 6. Nh3 O-O 7. Nf4 d6 8. d3 a6
9. Rb1 a5 10. O-O Rb8 11. Bd2 Bd7 12. Nb5 Ne5 13. Bc3 Bxb5 14. cxb5 Ned7 15.
Qd2 b6 16. b4 axb4 17. axb4 e6 18. bxc5 Nxc5 19. Bc6 d5 20. Bb4 Qe7 21. Rfe1
Rfc8 22. Qa2 Nfd7 23. Qa3 Ne5 24. Bxc5 bxc5 25. Qxc5 Nxc6 26. bxc6 Rxb1 27.
Rxb1 1/2-1/2

[Event "Politiken Cup"]
[Site "Copenhagen"]
[Date "2006.07.23"]
[Round "2.86"]
[White "Jacobsen, Per"]
[Black "Sjol, Henrik"]
[Result "0-1"]
[WhiteElo "1508"]
[BlackElo "1966"]
[PlyCount "80"]
[EventDate "2006.??.??"]

1. b3 Nf6 2. Bb2 e6 3. Nf3 c5 4. c4 d5 5. e3 Nc6 6. Be2 d4 7. d3 Be7 8. O-O O-O
9. a3 e5 10. exd4 exd4 11. Nbd2 b6 12. Rb1 a5 13. Ng5 Bb7 14. Bf3 h6 15. Nge4
Nd7 16. Ng3 Nde5 17. Be4 Qc7 18. Nf5 Bf6 19. Qh5 Ne7 20. Bxb7 Qxb7 21. Ne4 Nd7
22. Bc1 Nxf5 23. Nxf6+ Nxf6 24. Qxf5 Qc6 25. Qf4 Rae8 26. Qg3 Kh7 27. b4 axb4
28. axb4 Re6 29. bxc5 bxc5 30. Ba3 Nd7 31. Bc1 Ne5 32. f4 Rg6 33. Qf2 Nxd3 34.
Qf3 Qxf3 35. Rxf3 Nxc1 36. Rxc1 Re6 37. Kf2 Ra8 38. g4 Ra2+ 39. Kg3 Ree2 40.
Rh1 Rac2 0-1

[Event "Politiken Cup"]
[Site "Copenhagen"]
[Date "2006.07.23"]
[Round "2.87"]
[White "Hyldkrog, Mikkel"]
[Black "Asbjornsson, Ingvar"]
[Result "0-1"]
[WhiteElo "1660"]
[BlackElo "2007"]
[PlyCount "112"]
[EventDate "2006.??.??"]

1. c4 c6 2. Nc3 d5 3. cxd5 cxd5 4. d4 Nf6 5. Nf3 Nc6 6. Bf4 Ne4 7. e3 Nxc3 8.
bxc3 g6 9. Be2 Bg7 10. O-O O-O 11. Qb3 b6 12. c4 dxc4 13. Qxc4 Bb7 14. Rac1 Rc8
15. Qb3 Na5 16. Qa3 Qd7 17. Ne5 Bxe5 18. Bxe5 f6 19. Bf4 Kf7 20. Rxc8 Rxc8 21.
Rc1 h5 22. h3 Qf5 23. Qb2 Bd5 24. Rc7 Rxc7 25. Bxc7 Qe6 26. a3 Bxg2 27. Kxg2
Qc6+ 28. Bf3 Qxc7 29. Qa2+ Kg7 30. Qe6 Qd6 31. Qc8 e6 32. Qa8 Qe7 33. d5 e5 34.
d6 Qxd6 35. Qxa7+ Kh6 36. Qf7 f5 37. a4 Kg5 38. Bd5 e4 39. Be6 h4 40. Bd5 Nc6
41. Bxc6 Qxc6 42. Qe7+ Qf6 43. Qc7 Kh6 44. Qb8 g5 45. Qb7 Qe6 46. Qb8 Kg6 47.
Qd8 Qf6 48. Qd5 Kh6 49. Qb7 g4 50. hxg4 Qg6 51. f3 exf3+ 52. Qxf3 Qxg4+ 53. Kf2
Qxf3+ 54. Kxf3 Kg5 55. Kf2 Kg4 56. Kg2 h3+ 0-1

[Event "Politiken Cup"]
[Site "Copenhagen"]
[Date "2006.07.23"]
[Round "2.88"]
[White "Skovgaard, Tom"]
[Black "Bjarnasson, Larus H"]
[Result "1-0"]
[WhiteElo "2004"]
[BlackElo "1670"]
[PlyCount "49"]
[EventDate "2006.??.??"]

1. e4 c6 2. d4 d5 3. e5 Bf5 4. c4 e6 5. cxd5 cxd5 6. Nf3 Nc6 7. a3 Nge7 8. Nc3
a6 9. Be2 h6 10. O-O Bh7 11. b4 Rc8 12. Na4 Nxe5 13. Nc5 Nxf3+ 14. Bxf3 Qb6 15.
Bh5 Bg6 16. Qa4+ Rc6 17. Be2 Kd8 18. b5 axb5 19. Bxb5 Rxc5 20. dxc5 Qxc5 21.
Be3 Qc7 22. Qa8+ Nc8 23. Rfc1 Bd6 24. Rxc7 Bxc7 25. Rc1 1-0

[Event "Politiken Cup"]
[Site "Copenhagen"]
[Date "2006.07.23"]
[Round "2.89"]
[White "Zyde, Fadmal"]
[Black "Bergvoll, Mats"]
[Result "0-1"]
[WhiteElo "1652"]
[BlackElo "2003"]
[PlyCount "97"]
[EventDate "2006.??.??"]

1. e4 c5 2. Nf3 Nc6 3. Nc3 e6 4. Bb5 Nge7 5. d4 cxd4 6. Nxd4 a6 7. Bxc6 Nxc6 8.
Nxc6 bxc6 9. O-O Be7 10. Qg4 O-O 11. e5 Kh8 12. Ne4 f5 13. exf6 Bxf6 14. Nxf6
Qxf6 15. c3 d5 16. Qg3 e5 17. Be3 d4 18. cxd4 exd4 19. Bg5 Qg6 20. Rac1 Bf5 21.
Bf4 Rac8 22. Qxg6 Bxg6 23. Be5 d3 24. Bc3 Rfe8 25. Rfe1 Kg8 26. f3 Kf7 27. Kf2
h5 28. h4 Bf5 29. Rcd1 Rcd8 30. Rd2 c5 31. g3 Be6 32. a3 c4 33. f4 Bg4 34. Be5
Be2 35. Rc1 Rc8 36. Ke3 g6 37. Kd4 Red8+ 38. Ke3 Ke6 39. Bc3 Kf5 40. Be5 Re8
41. Kf2 Rxe5 42. fxe5 Kxe5 43. Rc3 Rf8+ 44. Kg2 Kd4 45. Rc1 Ke3 46. Rdc2 dxc2
47. Rxc2 Bd3 48. Rc3 Rf2+ 49. Kg1 0-1

[Event "Politiken Cup"]
[Site "Copenhagen"]
[Date "2006.07.23"]
[Round "2.90"]
[White "Eiholt, Bjarne"]
[Black "Knudsen, Jes West"]
[Result "0-1"]
[WhiteElo "1650"]
[BlackElo "1999"]
[PlyCount "56"]
[EventDate "2006.??.??"]

1. d4 f5 2. c4 Nf6 3. Nc3 g6 4. Bg5 Bg7 5. e3 h6 6. Bf4 d6 7. h3 O-O 8. Be2 Nc6
9. Nf3 Nh5 10. Bh2 e5 11. O-O e4 12. Nd2 Nf6 13. Rc1 g5 14. a3 Ne7 15. b4 Bd7
16. Qb3 Kh8 17. Na4 Qe8 18. c5 Bxa4 19. Qb1 d5 20. b5 c6 21. Qb4 Bxb5 22. Bxb5
cxb5 23. Nb3 a6 24. Na5 Nc6 25. Nxc6 bxc6 26. Qa5 Nd7 27. Bd6 Rf7 28. a4 f4 0-1

[Event "Politiken Cup"]
[Site "Copenhagen"]
[Date "2006.07.23"]
[Round "2.91"]
[White "Frisk, Ellinor"]
[Black "Christensen, Sofus Rønne"]
[Result "1-0"]
[WhiteElo "1998"]
[BlackElo "1652"]
[PlyCount "53"]
[EventDate "2006.??.??"]

1. e4 c5 2. Nf3 d6 3. d4 cxd4 4. Nxd4 Nf6 5. Nc3 a6 6. Be3 e6 7. f3 b5 8. Qd2
Nbd7 9. g4 Nb6 10. O-O-O Nfd7 11. Qf2 Qc7 12. g5 b4 13. Nb1 Nc4 14. Bxc4 Qxc4
15. a4 bxa3 16. Nxa3 Qa2 17. Nb3 d5 18. Nb1 Qa4 19. Nc3 Qc6 20. exd5 exd5 21.
Rhe1 Kd8 22. Nxd5 Rb8 23. Bb6+ Rxb6 24. Nxb6 Kc7 25. Nxc8 Kxc8 26. Re8+ Kc7 27.
Qa7+ 1-0

[Event "Politiken Cup"]
[Site "Copenhagen"]
[Date "2006.07.23"]
[Round "2.93"]
[White "Muratet Casadevall, Elias"]
[Black "Harders, Poul Erik"]
[Result "1-0"]
[WhiteElo "1978"]
[BlackElo "1585"]
[PlyCount "89"]
[EventDate "2006.??.??"]

1. d4 Nf6 2. c4 g6 3. Nc3 Bg7 4. e4 d6 5. f4 c5 6. e5 dxe5 7. fxe5 Nfd7 8. Be3
cxd4 9. Bxd4 Nxe5 10. Bxe5 Qxd1+ 11. Rxd1 Bxe5 12. Nf3 Bxc3+ 13. bxc3 Bg4 14.
Be2 Nc6 15. Nd4 Bxe2 16. Kxe2 O-O 17. Nxc6 bxc6 18. Rd7 e5 19. Rb1 Rfd8 20.
Rxd8+ Rxd8 21. Rb7 Ra8 22. a4 a5 23. Rb6 Kf8 24. Ke3 f5 25. h3 Ra7 26. g4 Ke7
27. gxf5 gxf5 28. Rxc6 Kf7 29. c5 Ra8 30. Rh6 Rg8 31. Rxh7+ Ke6 32. c6 Rg3+ 33.
Kd2 e4 34. c7 Rg2+ 35. Ke3 Rg8 36. Kf4 Rc8 37. c4 Kd6 38. h4 Kc5 39. h5 Kxc4
40. Rd7 Kc5 41. h6 Kc6 42. Rg7 e3 43. Kxe3 Kd6 44. h7 f4+ 45. Kxf4 1-0

[Event "Politiken Cup"]
[Site "Copenhagen"]
[Date "2006.07.23"]
[Round "2.94"]
[White "Goetzee, Rick"]
[Black "Svanholm, Borge Waaktaar"]
[Result "0-1"]
[WhiteElo "1641"]
[BlackElo "1978"]
[PlyCount "54"]
[EventDate "2006.??.??"]

1. d4 Nf6 2. c4 g6 3. Nc3 Bg7 4. e4 d6 5. Nf3 O-O 6. g3 e5 7. Bg2 Nc6 8. d5 Na5
9. Qe2 c5 10. O-O a6 11. Nd2 Rb8 12. a3 b6 13. b4 Nb7 14. Nf3 Bd7 15. Be3 Ng4
16. Bg5 f6 17. Bd2 f5 18. Nh4 Nf6 19. Rac1 Qe7 20. f4 exf4 21. Bxf4 fxe4 22.
Nxe4 Nxe4 23. Qxe4 Qxe4 24. Bxe4 Bb2 25. Bh6 Bxc1 26. Bxf8 Be3+ 27. Kg2 Rxf8
0-1

[Event "Politiken Cup"]
[Site "Copenhagen"]
[Date "2006.07.23"]
[Round "2.95"]
[White "Rasmussen, Morten"]
[Black "Petersen, Nicolai Kvist Brond"]
[Result "1/2-1/2"]
[WhiteElo "1976"]
[BlackElo "1562"]
[PlyCount "195"]
[EventDate "2006.??.??"]

1. d4 d5 2. Nc3 Nf6 3. Bg5 h6 4. Bxf6 exf6 5. g3 c6 6. Bg2 Bb4 7. Qd3 O-O 8. e3
Qa5 9. Nge2 b6 10. O-O Ba6 11. Qd2 Bxe2 12. Qxe2 Bxc3 13. bxc3 Qxc3 14. Rab1
Nd7 15. Rb3 Qa5 16. a3 b5 17. e4 Rfe8 18. Qd3 dxe4 19. Bxe4 Rac8 20. Qf3 Qb6
21. Rd1 c5 22. Qf5 Nf8 23. c4 Qe6 24. Qxe6 Nxe6 25. cxb5 Nxd4 26. Re3 Nxb5 27.
Rd7 Rc7 28. Rd2 g6 29. a4 Nc3 30. Rxc3 Rxe4 31. Rd5 Rxa4 32. Rdxc5 Rxc5 33.
Rxc5 Ra2 34. Rc7 a5 35. Ra7 a4 36. Kg2 g5 37. g4 Ra1 38. Ra6 Kg7 39. Kf3 a3 40.
Kg2 a2 41. Ra5 Kg6 42. Ra6 Kg7 43. Ra5 Kf8 44. Ra7 Ke8 45. Ra8+ Ke7 46. Ra7+
Ke6 47. Ra5 Kd6 48. Ra6+ Ke5 49. Ra5+ Kd4 50. Ra4+ Kc3 51. Ra7 Kd4 52. Ra4+ Kc5
53. Ra5+ Kc6 54. Ra6+ Kd7 55. Ra7+ Ke8 56. Ra8+ Ke7 57. Ra7+ Kf8 58. Ra6 Kg7
59. Ra5 Kg6 60. Ra6 h5 61. h3 h4 62. Kh2 Kg7 63. Kg2 Kf8 64. Ra8+ Ke7 65. Ra7+
Kd6 66. Ra6+ Kc5 67. Ra5+ Kc4 68. Ra7 f5 69. gxf5 Kd4 70. Ra4+ Ke5 71. Ra5+ Kf4
72. Ra4+ Kxf5 73. Ra5+ Kg6 74. Ra6+ f6 75. Ra5 Kh5 76. Kh2 f5 77. Kg2 f4 78.
Ra8 f3+ 79. Kxf3 Rh1 80. Rxa2 Rxh3+ 81. Kg2 Rd3 82. Re2 Rd4 83. Re3 Kg4 84. Ra3
Kf4 85. Rb3 g4 86. Rb8 h3+ 87. Kg1 Kf3 88. Rf8+ Rf4 89. Re8 h2+ 90. Kxh2 Kxf2
91. Ra8 Re4 92. Ra2+ Kf3 93. Ra3+ Kf4 94. Kg2 Rc4 95. Rb3 Rc2+ 96. Kg1 g3 97.
Rb8 Kf3 98. Rf8+ 1/2-1/2

[Event "Politiken Cup"]
[Site "Copenhagen"]
[Date "2006.07.23"]
[Round "2.96"]
[White "Harestad.Ove Henning"]
[Black "Larsen, Andreas"]
[Result "0-1"]
[WhiteElo "1590"]
[BlackElo "1975"]
[PlyCount "54"]
[EventDate "2006.??.??"]

1. Nf3 Nf6 2. d4 g6 3. Bf4 Bg7 4. e3 O-O 5. h3 c5 6. c3 cxd4 7. exd4 d6 8. Bd3
Qb6 9. Qc1 Re8 10. O-O Nc6 11. Re1 Bd7 12. Na3 Rac8 13. Qd2 a6 14. Rab1 Rcd8
15. Bg5 e5 16. Bxf6 Bxf6 17. d5 Ne7 18. Nc4 Qc7 19. Ne3 Bg7 20. g4 Rf8 21. c4
f5 22. gxf5 Nxf5 23. Bxf5 Bxf5 24. Nxf5 Rxf5 25. Qe2 Rdf8 26. Nd2 Qe7 27. f3
Qh4 0-1

[Event "Politiken Cup"]
[Site "Copenhagen"]
[Date "2006.07.23"]
[Round "2.97"]
[White "Hartsteen, Mark"]
[Black "Christensen, Emilie Ellegaard"]
[Result "1/2-1/2"]
[WhiteElo "1973"]
[BlackElo "1509"]
[PlyCount "59"]
[EventDate "2006.??.??"]

1. c4 Nf6 2. Nf3 g6 3. g3 Bg7 4. Bg2 O-O 5. Nc3 d6 6. d3 e5 7. Bd2 c6 8. O-O
Be6 9. b4 Re8 10. Rb1 Nbd7 11. Ng5 Nf8 12. Nxe6 Nxe6 13. b5 Rc8 14. bxc6 bxc6
15. Qa4 Qc7 16. Be3 Re7 17. Rb3 Ng4 18. Qb4 Nxe3 19. fxe3 Nc5 20. Rb2 f5 21.
Rfb1 e4 22. d4 Ne6 23. Qa3 Ra8 24. Rb7 Qd8 25. Nd1 Rd7 26. Nf2 Bf8 27. Qa4 Rc7
28. g4 Bh6 29. gxf5 gxf5 30. Rxc7 1/2-1/2

[Event "Politiken Cup"]
[Site "Copenhagen"]
[Date "2006.07.23"]
[Round "2.98"]
[White "Ontiveros, John"]
[Black "Nielsen, Preben"]
[Result "0-1"]
[WhiteElo "1560"]
[BlackElo "1972"]
[PlyCount "66"]
[EventDate "2006.??.??"]

1. d4 Nf6 2. Nf3 d5 3. c4 e6 4. Nc3 b6 5. Bg5 Be7 6. e3 Nbd7 7. Rc1 Bb7 8. Be2
O-O 9. O-O c5 10. a3 Rc8 11. dxc5 dxc4 12. Bxc4 Rxc5 13. Ba2 Bxf3 14. Qxf3 Rxg5
15. Rfd1 Qb8 16. b4 Ne5 17. Qe2 Rh5 18. f4 Ng6 19. Ne4 Rh6 20. Ng5 Nd5 21. Nf3
Ndxf4 22. exf4 Nxf4 23. Qe5 Qxe5 24. Nxe5 Ne2+ 25. Kh1 Nxc1 26. Rxc1 Bd6 27.
Ng4 Rg6 28. h3 h5 29. Nf2 Be5 30. Nd3 Bd4 31. Nf4 Rh6 32. Bb3 Be3 33. Rf1 Rd8
0-1

[Event "Politiken Cup"]
[Site "Copenhagen"]
[Date "2006.07.23"]
[Round "2.99"]
[White "Friesen, Bas"]
[Black "Hansen, Johny"]
[Result "1-0"]
[WhiteElo "1971"]
[BlackElo "1494"]
[PlyCount "91"]
[EventDate "2006.??.??"]

1. d4 Nf6 2. Nf3 c6 3. Bf4 d5 4. Nbd2 Bf5 5. e3 e6 6. Be2 Bd6 7. Bxd6 Qxd6 8.
O-O O-O 9. c4 Nbd7 10. Qb3 Qc7 11. Rac1 Rae8 12. h3 Qb8 13. Rfd1 e5 14. dxe5
Nxe5 15. Nxe5 Rxe5 16. Nf3 dxc4 17. Bxc4 Re7 18. Qa3 Rfe8 19. Rd4 Be4 20. Nd2
Qe5 21. Nxe4 Nxe4 22. Be2 Re6 23. Bf3 Ng5 24. Rf4 Rg6 25. Kh1 Rh6 26. Qb3 Rf8
27. Qxb7 Qe6 28. Rxc6 Rxh3+ 29. Kg1 Qe5 30. gxh3 Nxh3+ 31. Kg2 Nxf4+ 32. exf4
Qxf4 33. Rc8 Qg5+ 34. Kf1 g6 35. Rxf8+ Kxf8 36. Qc8+ Kg7 37. Qc3+ Kh6 38. Qe3
Qxe3 39. fxe3 Kg5 40. b4 Kf5 41. a4 Ke5 42. Kf2 f5 43. Kg3 g5 44. b5 Kd6 45. a5
Kc5 46. b6 1-0

[Event "Politiken Cup"]
[Site "Copenhagen"]
[Date "2006.07.23"]
[Round "2.100"]
[White "Helin, Mikael"]
[Black "Christensen, Simon Ellegaard"]
[Result "1-0"]
[WhiteElo "1964"]
[BlackElo "1480"]
[PlyCount "47"]
[EventDate "2006.??.??"]

1. e4 e6 2. c4 d5 3. e5 c5 4. Nc3 Nc6 5. f4 Nge7 6. Nf3 Ng6 7. g3 Bd7 8. h4
Nge7 9. Bd3 d4 10. Ne4 Nf5 11. a3 Be7 12. b4 cxb4 13. c5 bxa3 14. Bxa3 g6 15.
h5 b6 16. g4 Nh6 17. hxg6 Nxg4 18. gxf7+ Kxf7 19. Nfg5+ Kg7 20. Qxg4 Kf8 21.
Nxh7+ Kf7 22. Nd6+ Bxd6 23. Qg6+ Ke7 24. cxd6# 1-0

[Event "Politiken Cup"]
[Site "Copenhagen"]
[Date "2006.07.23"]
[Round "2.101"]
[White "Tudvad, Mads"]
[Black "Marshall, Michael"]
[Result "1/2-1/2"]
[WhiteElo "1493"]
[BlackElo "1961"]
[PlyCount "35"]
[EventDate "2006.??.??"]

1. d4 Nf6 2. Nf3 e6 3. Bf4 c5 4. e3 Qb6 5. b3 Nc6 6. dxc5 Bxc5 7. Nbd2 d5 8.
Be2 O-O 9. O-O Re8 10. c4 d4 11. exd4 Nxd4 12. Be5 Nxe2+ 13. Qxe2 Be7 14. Rad1
Bd7 15. Ne4 Nxe4 16. Rxd7 Nf6 17. Rd3 Rad8 18. Bd4 1/2-1/2